Código procesal civil (Registro nro. 21570)

Detalles MARC
000 -Cabecera
Campo de control interno 00480nam a22002057a 4500
005 - Fecha y hora del registro
control field 20260317170601.0
008 - Elementos de Longitud Fija
fixed length control field 260317b |||||||| |||| 00| 0 spa d
041 ## - Idioma
Codigo Idioma ESP
082 ## - DEWEY y NOTACIÓN INTERNA
Dewey 345.7C4
Notación Interna Z47 T. 1
100 ## - AUTOR
Autor denominación Zavaleta Carruitero, Wilvelder
245 ## - TÍTULO DE MATERIAL BIBLIOGRÁFICO
Título Código procesal civil
260 ## - CIUDAD, EDITORIAL, AÑO
Ciudad :
Nombre de la Editorial ,
Año 2007
300 ## - DESCRIPCIÓN
N° Páginas 000 páginas :
Otros detalles ;
Dimensiones 24 cm.
440 ## - MENCIÓN DE SERIE
Título de la Serie ;
650 ## - TEMAS
Temas Derecho
654 ## - PROGRAMAS
Programa Dpto. de Derecho y Ciencia Política
700 ## - OTROS AUTORES
Otros autores ;
942 ## - ELEMENTOS DE KOHA
Tipo de documento Libro
Nombre del creador Justo Noguera
Código de catalogador Justo Noguera
Esquema de clasificación Dewey Decimal Classification
Existencias
Codigo completo Registro Colección Copia número Disponibilidad Tipo de préstamo Biblioteca Actual Procedencia (Biblioteca) Ubicacón Fecha Ingreso Tipo de Adquisición Date last seen Total checkouts Date last checked out Price effective from Tipo de Item Estado del Material Fuente de Clasificación Damaged status Withdrawn status
345.7C4 Z47 T. 1 U0017772 Universidad Católica San Pablo 1 Disponible Disponible Víctor Andrés Belaunde Víctor Andrés Belaunde Primer piso 17/03/2026 Compra 15/04/2026 1 15/04/2026 17/03/2026 Libro Bueno Dewey Decimal Classification    
345.7C4 Z47 T. 2 U0017773 Universidad Católica San Pablo 1 Disponible Disponible Víctor Andrés Belaunde Víctor Andrés Belaunde Primer piso 17/03/2026 Compra 17/03/2026     17/03/2026 Libro Bueno Dewey Decimal Classification